<?xml version="1.0" encoding="UTF-8"?>
<record
    xmlns:xsi="http://www.w3.org/2001/XMLSchema-instance"
    xsi:schemaLocation="http://www.loc.gov/MARC21/slim http://www.loc.gov/standards/marcxml/schema/MARC21slim.xsd"
    xmlns="http://www.loc.gov/MARC21/slim">

  <leader>02125    a2200253   4500</leader>
  <datafield tag="952" ind1=" " ind2=" ">
    <subfield code="0">0</subfield>
    <subfield code="1">0</subfield>
    <subfield code="2">lcc</subfield>
    <subfield code="4">0</subfield>
    <subfield code="7">0</subfield>
    <subfield code="8">NFIC</subfield>
    <subfield code="a">ML</subfield>
    <subfield code="b">ML</subfield>
    <subfield code="c">GEN</subfield>
    <subfield code="d">2022-09-19</subfield>
    <subfield code="e">Purchase</subfield>
    <subfield code="i">032550</subfield>
    <subfield code="l">10</subfield>
    <subfield code="m">6</subfield>
    <subfield code="o">QM451. SNE 2019</subfield>
    <subfield code="p">032550</subfield>
    <subfield code="r">2025-10-24 06:43:49</subfield>
    <subfield code="s">2025-10-14</subfield>
    <subfield code="t">c.1</subfield>
    <subfield code="w">2022-09-19</subfield>
    <subfield code="y">BK</subfield>
  </datafield>
  <datafield tag="999" ind1=" " ind2=" ">
    <subfield code="c">10727</subfield>
    <subfield code="d">10727</subfield>
  </datafield>
  <datafield tag="020" ind1=" " ind2=" ">
    <subfield code="a">9781496346759 (paperback)</subfield>
  </datafield>
  <datafield tag="050" ind1="0" ind2="0">
    <subfield code="a">QM451</subfield>
    <subfield code="b">.SNE 2019</subfield>
  </datafield>
  <datafield tag="100" ind1="1" ind2=" ">
    <subfield code="a">Splittgerber, Ryan,</subfield>
    <subfield code="e">author.</subfield>
  </datafield>
  <datafield tag="245" ind1="1" ind2="0">
    <subfield code="a">Snell's clinical neuroanatomy /</subfield>
    <subfield code="c">Ryan Splittgerber.</subfield>
  </datafield>
  <datafield tag="250" ind1=" " ind2=" ">
    <subfield code="a">Eighth edition.</subfield>
  </datafield>
  <datafield tag="264" ind1=" " ind2="1">
    <subfield code="a">Philadelphia :</subfield>
    <subfield code="b">Wolters Kluwer,</subfield>
    <subfield code="c">2019</subfield>
  </datafield>
  <datafield tag="300" ind1=" " ind2=" ">
    <subfield code="a">xxvi, 527 pages :</subfield>
    <subfield code="b">illustrations ;</subfield>
  </datafield>
  <datafield tag="336" ind1=" " ind2=" ">
    <subfield code="a">text</subfield>
    <subfield code="2">rdacontent</subfield>
  </datafield>
  <datafield tag="337" ind1=" " ind2=" ">
    <subfield code="a">unmediated</subfield>
    <subfield code="2">rdamedia</subfield>
  </datafield>
  <datafield tag="338" ind1=" " ind2=" ">
    <subfield code="a">volume</subfield>
    <subfield code="2">rdacarrier</subfield>
  </datafield>
  <datafield tag="500" ind1=" " ind2=" ">
    <subfield code="a">Preceded by: Clinical neuroanatomy / Richard S. Snell. 7th ed. Philadelphia : Wolters Kluwer Lippincott Williams &amp; Wilkins, c2010.</subfield>
  </datafield>
  <datafield tag="504" ind1=" " ind2=" ">
    <subfield code="a">Includes index.</subfield>
  </datafield>
  <datafield tag="505" ind1=" " ind2=" ">
    <subfield code="a">
Introduction and organization of the nervous system
Neurons and neuroglia
Nerve fibers and peripheral innervation
Spinal cord and ascending, descending, and intersegmental tracts
Brainstem
Cerebellum and its connections
Cerebrum
The structure and functional localization of the cerebral cortex
Reticular formation and limbic system
Basal nuclei (Basal Ganglia)
Cranial nerve nuclei
Thalamus
Hypothalamus
Autonomic nervous system
Meninges
Ventricular system and cerebrospinal fluid
Blood supply of the brain and spinal cord
Nervous system development
Appendix: Neuroanatomical data of clinical significance and clinical neuroanatomy techniques</subfield>
  </datafield>
  <datafield tag="520" ind1=" " ind2=" ">
    <subfield code="a">"This book contains the basic neuroanatomical facts necessary for the practice of medicine. It is suitable for medical students, dental students, nurses, and allied health students. Residents find this book useful during their rotations. The functional organization of the nervous system has been emphasized and indicates how injury and disease can result in neurologic deficits. The amount of factual information has been strictly limited to that which is clinically important"--Provided by publisher.</subfield>
  </datafield>
  <datafield tag="650" ind1="1" ind2="2">
    <subfield code="a">Nervous System</subfield>
    <subfield code="x">anatomy &amp; histology</subfield>
  </datafield>
  <datafield tag="700" ind1="1" ind2=" ">
    <subfield code="a">Snell, Richard S.</subfield>
    <subfield code="t">Clinical neuroanatomy.</subfield>
    <subfield code="i">Preceded by (work):</subfield>
    <subfield code="d">1925-2015</subfield>
  </datafield>
  <datafield tag="942" ind1=" " ind2=" ">
    <subfield code="2">lcc</subfield>
    <subfield code="c">BK</subfield>
    <subfield code="h">451</subfield>
    <subfield code="i">SNE</subfield>
    <subfield code="k">QM</subfield>
  </datafield>
</record>
